[Event "Moscow-ch op Superfinal"]
[Site "Ershovo"]
[Date "2024.02.24"]
[Round "3"]
[White "Khokhlova, Daria"]
[Black "Faizrakhmanov, Ramil"]
[Result "0-1"]
[WhiteElo "2127"]
[BlackElo "2454"]
[PlyCount "96"]
[EventDate "2024.02.23"]
[EventType "swiss"]
[EventRounds "10"]
[EventCountry "RUS"]
[SourceTitle "CB10_2024"]
[SourceDate "2024.03.06"]
[SourceVersion "1"]
[SourceVersionDate "2024.03.06"]
[SourceQuality "1"]

1. d4 Nf6 2. c4 e6 3. g3 d5 4. Nf3 Bb4+ 5. Bd2 Be7 6. Bg2 0-0 7. 0-0 c6 8. Qc2 Nbd7 9. Bf4 a5 10. Rd1 h6 11. Nc3 dxc4 12. Nd2 Nd5 13. Nxc4 Nxf4 14. gxf4 Nb6 15. Nxb6 Qxb6 16. e3 Bd7 17. Ne4 Rad8 18. Rd3 g5 19. fxg5 hxg5 20. Nc5 Bc8 21. Rc3 Kg7 22. h3 Rh8 23. Nd3 Qc7 24. Ne5 Bd6 25. Nf3 Rh5 26. Qe4 f5 27. Qc2 g4 28. hxg4 fxg4 29. Nd2 Bb4 30. Rd3 Bxd2 31. Rxd2 Rdh8 32. Rad1 Bd7 33. Kf1 Be8 34. d5 exd5 35. Rxd5 Qf7 36. Qc3+ Kg8 37. Rxa5 g3 38. f4 b5 39. Qd4 Rh1+ 40. Bxh1 Rxh1+ 41. Kg2 Rh2+ 42. Kg1 Qh5 43. Ra7 Rh1+ 44. Kg2 Qh3+ 45. Kf3 Bh5+ 46. Ke4 Qe6+ 47. Qe5 Qxe5+ 48. Kxe5 Rxd1 0-1

[Event "Moscow-ch op Superfinal"]
[Site "Ershovo"]
[Date "2024.02.24"]
[Round "2"]
[White "Khokhlova, Daria"]
[Black "Triapishko, Alexandr"]
[Result "0-1"]
[WhiteElo "2127"]
[BlackElo "2500"]
[PlyCount "94"]
[EventDate "2024.02.23"]
[EventType "swiss"]
[EventRounds "10"]
[EventCountry "RUS"]
[SourceTitle "CB10_2024"]
[SourceDate "2024.03.06"]
[SourceVersion "1"]
[SourceVersionDate "2024.03.06"]
[SourceQuality "1"]

1. d4 Nf6 2. c4 e6 3. g3 d5 4. Nf3 Be7 5. Bg2 0-0 6. 0-0 a5 7. Qc2 c6 8. Bf4 Nbd7 9. Nbd2 Nh5 10. e3 g5 11. g4 Nxf4 12. exf4 gxf4 13. Rfe1 Bf6 14. Rac1 a4 15. Bf1 Kh8 16. Bd3 h6 17. h3 Rg8 18. Kh1 Qb6 19. cxd5 cxd5 20. Qc3 Nb8 21. Ne5 Nc6 22. Ndf3 Kg7 23. Nxc6 bxc6 24. Bb1 Rb8 25. Qc2 Rh8 26. Qxa4 Qxb2 27. Kg2 Bd7 28. Qa7 Rb7 29. Qc5 Qb4 30. Qxb4 Rxb4 31. Red1 Rhb8 32. Bc2 c5 33. dxc5 Bc6 34. h4 d4 35. Re1 Rc4 36. Bd3 Rxc1 37. Rxc1 Rb2 38. Rc2 Rxc2 39. Bxc2 e5 40. h5 e4 41. Ng1 d3 42. Bd1 Bd4 43. Kf1 e3 44. fxe3 fxe3 45. Bf3 Bb5 46. c6 d2+ 47. Kg2 Bxc6 0-1

[Event "Moscow-ch op Superfinal"]
[Site "Ershovo"]
[Date "2024.02.23"]
[Round "1"]
[White "Smirnov, Pavel"]
[Black "Khokhlova, Daria"]
[Result "1/2-1/2"]
[WhiteElo "2530"]
[BlackElo "2127"]
[PlyCount "115"]
[EventDate "2024.02.23"]
[EventType "swiss"]
[EventRounds "10"]
[EventCountry "RUS"]
[SourceTitle "CB10_2024"]
[SourceDate "2024.03.06"]
[SourceVersion "1"]
[SourceVersionDate "2024.03.06"]
[SourceQuality "1"]

1. d4 Nf6 2. c4 e6 3. g3 d5 4. Nf3 dxc4 5. Bg2 c5 6. 0-0 Nc6 7. Ne5 Bd7 8. Nxc4 cxd4 9. Bf4 Nd5 10. Nd6+ Bxd6 11. Bxd6 Nde7 12. Nd2 0-0 13. Qb3 Bc8 14. Nc4 Qd7 15. Bxc6 bxc6 16. Qa3 Re8 17. Ne5 Qb7 18. Rac1 f6 19. Bxe7 Qxe7 20. Qxe7 Rxe7 21. Nxc6 Rd7 22. Rfd1 e5 23. f4 Bb7 24. fxe5 Bxc6 25. Rxc6 fxe5 26. Re6 Rb8 27. b3 Rb5 28. Rf1 g6 29. h4 Ra5 30. a4 d3 31. exd3 Rxd3 32. Re8+ Kg7 33. Re7+ Kh6 34. Kh2 Kh5 35. Kh3 h6 36. Rb7 Rc5 37. Rd1 Rf3 38. Rf1 Rd3 39. Rxa7 Rcc3 40. Rg1 Rxb3 41. Re7 Re3 42. a5 Re4 43. a6 Rxh4+ 44. Kg2 Ra4 45. Rh1+ Kg5 46. Rxe5+ Kf6 47. Re2 Rb5 48. Rxh6 Rxa6 49. Rh8 Rf5 50. Rb8 Kg5 51. Rb4 Rc6 52. Kh3 Ra6 53. Rg4+ Kf6 54. Rh4 Rh5 55. Rxh5 gxh5 56. Kh4 Kg6 57. Re4 Rb6 58. g4 1/2-1/2

[Event "Rahachow Rogachev Memorial"]
[Site "Rahachow"]
[Date "2023.08.11"]
[Round "7"]
[White "Khokhlova, Daria"]
[Black "Klachkou, Platon"]
[Result "1/2-1/2"]
[WhiteElo "2073"]
[BlackElo "1935"]
[PlyCount "35"]
[EventDate "2023.08.08"]
[EventType "team-schev"]
[EventRounds "9"]
[EventCountry "BLR"]
[SourceTitle "CBM 215 Extra"]
[Source "ChessBase"]
[SourceDate "2023.09.30"]
[SourceVersion "1"]
[SourceVersionDate "2023.09.30"]
[SourceQuality "1"]
[WhiteTeam "Green"]
[BlackTeam "Red"]
[WhiteTeamCountry "BLR"]
[BlackTeamCountry "BLR"]

1. d4 Nf6 2. c4 g6 3. g3 c6 4. Bg2 d5 5. Qa4 Nbd7 6. cxd5 Nb6 7. Qb3 cxd5 8. Nf3 Bg7 9. 0-0 0-0 10. Nc3 Bf5 11. Bf4 Ne4 12. Rfc1 Qd7 13. a4 Nxc3 14. Rxc3 Rfc8 15. a5 Nc4 16. Ne5 Nxe5 17. dxe5 e6 18. Rac1 1/2-1/2

[Event "Rahachow Rogachev Memorial"]
[Site "Rahachow"]
[Date "2023.08.10"]
[Round "5"]
[White "Khokhlova, Daria"]
[Black "Kovalev, Andrei"]
[Result "1-0"]
[WhiteElo "2073"]
[BlackElo "2463"]
[PlyCount "61"]
[EventDate "2023.08.08"]
[EventType "team-schev"]
[EventRounds "9"]
[EventCountry "BLR"]
[SourceTitle "CBM 215 Extra"]
[Source "ChessBase"]
[SourceDate "2023.09.30"]
[SourceVersion "1"]
[SourceVersionDate "2023.09.30"]
[SourceQuality "1"]
[WhiteTeam "Green"]
[BlackTeam "Experts"]
[WhiteTeamCountry "BLR"]
[BlackTeamCountry "BLR"]

1. d4 g6 2. c4 Bg7 3. Nf3 d6 4. g3 Nd7 5. Bg2 e5 6. e4 Ne7 7. Nc3 0-0 8. 0-0 exd4 9. Nxd4 Ne5 10. b3 a6 11. a4 N7c6 12. Nde2 f5 13. f4 Nf7 14. Bb2 fxe4 15. Bxe4 Bh3 16. Re1 Qd7 17. Qd2 Rae8 18. Bf3 Nb4 19. Ne4 Bxb2 20. Qxb2 Ne5 21. fxe5 Rxf3 22. Qd2 dxe5 23. Qxb4 Qd3 24. Qxb7 Rf7 25. Nf2 Rxf2 26. Kxf2 Rf8+ 27. Kg1 Qe3+ 28. Kh1 Rf2 29. Nf4 exf4 30. Rxe3 fxe3 31. Qd5+ 1-0

[Event "Rahachow Rogachev Memorial"]
[Site "Rahachow"]
[Date "2023.08.09"]
[Round "2"]
[White "Khokhlova, Daria"]
[Black "Teterev, Vitaly"]
[Result "1-0"]
[WhiteElo "2073"]
[BlackElo "2333"]
[PlyCount "127"]
[EventDate "2023.08.08"]
[EventType "team-schev"]
[EventRounds "9"]
[EventCountry "BLR"]
[SourceTitle "CBM 215 Extra"]
[Source "ChessBase"]
[SourceDate "2023.09.30"]
[SourceVersion "1"]
[SourceVersionDate "2023.09.30"]
[SourceQuality "1"]
[WhiteTeam "Green"]
[BlackTeam "Experts"]
[WhiteTeamCountry "BLR"]
[BlackTeamCountry "BLR"]

1. d4 Nf6 2. c4 g6 3. Nf3 Bg7 4. g3 0-0 5. Bg2 d6 6. Nc3 c6 7. e4 c5 8. 0-0 cxd4 9. Nxd4 Bd7 10. b3 Nc6 11. Nde2 a6 12. Bd2 Rb8 13. a4 Ne5 14. h3 Ne8 15. f4 Nc6 16. Be3 e6 17. Rb1 Qc7 18. Qd2 Na5 19. Ba7 Rc8 20. Qe3 Nc6 21. Bb6 Qb8 22. Rfd1 Ne7 23. Rd2 e5 24. Rbd1 Be6 25. fxe5 Bxe5 26. Nf4 Nf6 27. Bd4 Nc6 28. Bxe5 dxe5 29. Nfd5 Bxd5 30. exd5 Nd4 31. Ne2 Nf5 32. Qf2 Qd6 33. g4 Ne7 34. Nc3 h6 35. Qe3 Kg7 36. Re1 Nd7 37. Ne4 Qb4 38. Qc3 Qxc3 39. Nxc3 f6 40. Ne4 a5 41. Nd6 Rb8 42. Nxb7 Rxb7 43. d6 Ra7 44. dxe7 Re8 45. Rd5 Rxe7 46. c5 Nb8 47. Rd8 Na6 48. c6 Nc5 49. Bd5 f5 50. gxf5 gxf5 51. Rf1 f4 52. Rc1 Na6 53. Be4 Kf6 54. Rh8 Rg7+ 55. Kf2 Ke7 56. Rxh6 Kd8 57. Rg1 Rgf7 58. Rh8+ Kc7 59. Re8 Kb6 60. Rxe5 Nc7 61. Rg8 Ra8 62. Rxa8 Nxa8 63. Rb5+ Ka6 64. Bd3 1-0

[Event "RUS-ch Higher League (Women) 73rd"]
[Site "Novokuznetsk"]
[Date "2023.07.02"]
[Round "6"]
[White "Charochkina, Daria"]
[Black "Khokhlova, Daria"]
[Result "1/2-1/2"]
[WhiteElo "2339"]
[BlackElo "2074"]
[PlyCount "237"]
[EventDate "2023.06.26"]
[EventType "swiss"]
[EventRounds "9"]
[EventCountry "RUS"]
[SourceTitle "EXT 2024"]
[Source "ChessBase"]
[SourceDate "2023.10.10"]
[SourceVersion "1"]
[SourceVersionDate "2023.10.10"]
[SourceQuality "1"]

1. c4 e5 2. Nc3 Bb4 3. Qc2 Nc6 4. Nf3 Nf6 5. e3 0-0 6. Nd5 Be7 7. a3 d6 8. Be2 g6 9. Nxe7+ Qxe7 10. d3 a5 11. b3 Be6 12. Bb2 Nd7 13. d4 exd4 14. exd4 d5 15. 0-0 f6 16. Rfe1 Qf7 17. Bc1 a4 18. c5 axb3 19. Qxb3 Na5 20. Qc3 Nc4 21. Bf4 Rfc8 22. Nd2 b6 23. Nxc4 dxc4 24. Bf3 Bd5 25. Re7 Qxe7 26. Bxd5+ Kg7 27. Re1 Qd8 28. Bxa8 Rxa8 29. c6 Nf8 30. Qxc4 g5 31. Bd2 Ng6 32. Bb4 Qg8 33. Qxg8+ Rxg8 34. d5 Kf7 35. d6 cxd6 36. Bxd6 Rc8 37. c7 Ne5 38. h4 Ke6 39. Rd1 gxh4 40. a4 Nf7 41. Bh2 Ne5 42. f4 Nf7 43. Rb1 f5 44. Rxb6+ Nd6 45. Rc6 Kd5 46. Rc1 Nc4 47. Rd1+ Ke6 48. Kf2 Rxc7 49. Bg1 Ra7 50. Ra1 Ra5 51. Kf3 Nb2 52. Re1+ Kf7 53. Bd4 Nxa4 54. Rc1 Rb5 55. Rc7+ Ke6 56. Rxh7 Rb3+ 57. Kf2 Nc3 58. Rxh4 Ne4+ 59. Kg1 Ra3 60. Rh8 Rd3 61. Be5 Rd1+ 62. Kh2 Rd3 63. Rg8 Rb3 64. Rg6+ Kf7 65. Ra6 Rd3 66. Ra5 Nf2 67. g3 Ng4+ 68. Kh3 Nxe5 69. Rxe5 Kf6 70. Re8 Rc3 71. Ra8 Rc2 72. Ra6+ Ke7 73. Kh4 Rc3 74. Rg6 Kf7 75. Kh5 Rb3 76. Kh6 Rc3 77. Kh7 Rb3 78. Rg5 Kf6 79. Rg8 Kf7 80. Rg6 Rc3 81. Kh6 Rb3 82. Rg5 Kf6 83. Kh5 Rc3 84. Kh4 Rc1 85. Kh3 Rc2 86. Rh5 Kg6 87. Rh8 Rc1 88. Ra8 Rh1+ 89. Kg2 Rb1 90. Ra6+ Kf7 91. Ra3 Kf6 92. Kf3 Rb2 93. Ke3 Rg2 94. Kd4 Rd2+ 95. Rd3 Ra2 96. Kd5 Ra5+ 97. Kd6 Ra6+ 98. Kd7 Ra7+ 99. Ke8 Ra8+ 100. Rd8 Ra3 101. Kf8 Ke6 102. Re8+ Kf6 103. Rb8 Ra6 104. Kg8 Kg6 105. Kh8 Rc6 106. Rg8+ Kh6 107. Rf8 Rb6 108. Kg8 Kg6 109. Re8 Ra6 110. Rb8 Rc6 111. Kf8 Kf6 112. Ke8 Ke6 113. Kd8 Rc3 114. Rb6+ Kf7 115. Rb7+ Kf6 116. Ke8 Rc8+ 117. Kd7 Rc3 118. Rb6+ Kf7 119. Kd6 1/2-1/2

[Event "RUS-ch Higher League (Women) 73rd"]
[Site "Novokuznetsk"]
[Date "2023.06.26"]
[Round "1"]
[White "Khokhlova, Daria"]
[Black "Bodnaruk, Anastasia"]
[Result "0-1"]
[WhiteElo "2074"]
[BlackElo "2356"]
[PlyCount "46"]
[EventDate "2023.06.26"]
[EventType "swiss"]
[EventRounds "9"]
[EventCountry "RUS"]
[SourceTitle "EXT 2024"]
[Source "ChessBase"]
[SourceDate "2023.10.10"]
[SourceVersion "1"]
[SourceVersionDate "2023.10.10"]
[SourceQuality "1"]

1. d4 Nf6 2. c4 g6 3. Nf3 Bg7 4. g3 d5 5. cxd5 Nxd5 6. Bg2 Nb6 7. 0-0 Nc6 8. e3 0-0 9. Nc3 Re8 10. Re1 a5 11. Qe2 Be6 12. Nd2 a4 13. Nde4 Bc4 14. Qd1 e5 15. dxe5 Nxe5 16. Qxd8 Rexd8 17. Nc5 a3 18. Nxb7 axb2 19. Bxb2 Rd2 20. Nd1 Nd3 21. Bxg7 Nxe1 22. Bc3 Raxa2 23. Rb1 Nxg2 0-1

[Event "Cheliabinsk Panchenko Memorial op-B"]
[Site "Cheliabinsk"]
[Date "2022.09.18"]
[Round "7"]
[White "Khokhlova, Daria"]
[Black "Borisova, Ekaterina"]
[Result "0-1"]
[WhiteElo "2142"]
[BlackElo "2248"]
[PlyCount "108"]
[EventDate "2022.09.12"]
[EventType "swiss"]
[EventRounds "10"]
[EventCountry "RUS"]
[SourceTitle "CBM 210 Extra"]
[Source "ChessBase"]
[SourceDate "2022.11.30"]
[SourceVersion "1"]
[SourceVersionDate "2022.11.30"]
[SourceQuality "1"]

1. Nf3 Nf6 2. c4 g6 3. Nc3 Bg7 4. e4 e5 5. Nxe5 0-0 6. Nf3 Re8 7. Bd3 b5 8. 0-0 b4 9. Nd5 Nxe4 10. Bxe4 Rxe4 11. d3 Re8 12. Bg5 f6 13. Bf4 Na6 14. a3 bxa3 15. Rxa3 c6 16. Rxa6 cxd5 17. Ra3 Qb6 18. Rb3 Qa6 19. c5 Bb7 20. d4 Bc6 21. Qa1 Qc4 22. Qa3 a5 23. Rc1 Qe2 24. h3 a4 25. Rb4 Re4 26. Bg3 Bh6 27. Ra1 g5 28. Rb8+ Rxb8 29. Bxb8 Qb5 30. Bd6 Re2 31. Rb1 Qb3 32. Qxb3 axb3 33. Bc7 Bb5 34. Ba5 g4 35. hxg4 Rc2 36. g5 Bxg5 37. Nxg5 fxg5 38. Bb4 g4 39. Kh2 Rxf2 40. Bc3 Bd3 41. Rd1 Be4 42. Rd2 Rf1 43. Kg3 h5 44. Ba5 Kg7 45. Bd8 Kg6 46. Be7 Rc1 47. c6 dxc6 48. Bb4 Bf5 49. Bd6 Rh1 50. Be7 Bc2 51. Rf2 Rb1 52. Rf6+ Kg7 53. Rxc6 Rxb2 54. Rc7 Ra2 0-1

[Event "Cheliabinsk Kurnosov Memorial Rapid-B"]
[Site "Cheliabinsk"]
[Date "2022.09.09"]
[Round "3"]
[White "Trapeznikova, Darya"]
[Black "Khokhlova, Daria"]
[Result "0-1"]
[WhiteElo "2048"]
[BlackElo "2142"]
[PlyCount "74"]
[EventDate "2022.09.09"]
[EventType "swiss (rapid)"]
[EventRounds "11"]
[EventCountry "RUS"]
[SourceTitle "CBM 210 Extra"]
[Source "ChessBase"]
[SourceDate "2022.11.30"]
[SourceVersion "1"]
[SourceVersionDate "2022.11.30"]
[SourceQuality "1"]

1. Nf3 d5 2. e3 c5 3. c4 d4 4. exd4 cxd4 5. Bd3 Nc6 6. 0-0 Nf6 7. Re1 g6 8. Na3 Bg7 9. Nc2 a5 10. b3 Nd7 11. Bb2 Nc5 12. Bf1 0-0 13. d3 Re8 14. Rb1 Bf5 15. Ba1 e5 16. a3 Qc7 17. b4 axb4 18. axb4 Nd7 19. b5 Ne7 20. Nd2 Be6 21. g3 Nc8 22. Bg2 Ncb6 23. Nb3 Na4 24. Nb4 Nac5 25. Nxc5 Nxc5 26. Nd5 Qd6 27. Bb2 Bf5 28. Bf1 e4 29. dxe4 Bxe4 30. Ra1 Bxd5 31. cxd5 Qxd5 32. Rxe8+ Rxe8 33. Bg2 Qd7 34. b6 d3 35. Bxg7 Kxg7 36. Rc1 d2 37. Rxc5 Re1+ 0-1

[Event "Titled Tuesday intern op 03rd May Early"]
[Site "Chess.com INT"]
[Date "2022.05.03"]
[Round "10"]
[White "Khokhlova, Daria"]
[Black "Estrada Nieto, Julian"]
[Result "1-0"]
[WhiteElo "2142"]
[BlackElo "2263"]
[PlyCount "131"]
[EventDate "2022.05.03"]
[EventType "swiss (blitz)"]
[EventRounds "11"]
[EventCountry "USA"]
[SourceTitle "CBM 208 Extra"]
[Source "ChessBase"]
[SourceDate "2022.07.31"]
[SourceVersion "1"]
[SourceVersionDate "2022.07.31"]
[SourceQuality "1"]

1. d4 Nf6 2. c4 e6 3. Nf3 c5 4. d5 exd5 5. cxd5 d6 6. Nc3 g6 7. g3 Bg7 8. Bg2 0-0 9. 0-0 Re8 10. Bf4 a6 11. a4 Bf5 12. Nd2 Nh5 13. e4 Nxf4 14. gxf4 Bc8 15. Nc4 Bd4 16. a5 Qf6 17. Qd2 Nd7 18. Ne2 Rb8 19. Nxd4 cxd4 20. Rfe1 Nc5 21. Rad1 d3 22. b4 Na4 23. Qxd3 Bd7 24. e5 Qxf4 25. Re4 Qg5 26. h4 Qh6 27. Nxd6 Nb2 28. Qd2 Qh5 29. Nxe8 Rxe8 30. Rde1 Bb5 31. e6 Nc4 32. Qd4 fxe6 33. dxe6 Qh6 34. e7 Qg7 35. Qxg7+ Kxg7 36. Bf1 Nd6 37. Re6 Bxf1 38. Kxf1 Nf5 39. h5 Kf7 40. hxg6+ hxg6 41. Rb6 Rb8 42. e8Q+ Rxe8 43. Rxe8 Kxe8 44. Rxb7 Nd4 45. Rb6 g5 46. Rxa6 Kd7 47. Rg6 Ne6 48. b5 Nc5 49. Rxg5 Nb3 50. a6 Nd4 51. a7 Nxb5 52. a8Q Nd6 53. Qd5 Ke7 54. Rg7+ Kf6 55. Qxd6+ Kxg7 56. f4 Kh7 57. f5 Kg7 58. f6+ Kg8 59. Kf2 Kh7 60. Kf3 Kg6 61. Kf4 Kf7 62. Qe7+ Kg6 63. Qg7+ Kh5 64. f7 Kh4 65. f8Q Kh3 66. Qfh8# 1-0

[Event "Titled Tuesday intern op 03rd May Early"]
[Site "Chess.com INT"]
[Date "2022.05.03"]
[Round "7"]
[White "Khokhlova, Daria"]
[Black "Gurevich, Dmitry"]
[Result "0-1"]
[WhiteElo "2142"]
[BlackElo "2363"]
[PlyCount "80"]
[EventDate "2022.05.03"]
[EventType "swiss (blitz)"]
[EventRounds "11"]
[EventCountry "USA"]
[SourceTitle "CBM 208 Extra"]
[Source "ChessBase"]
[SourceDate "2022.07.31"]
[SourceVersion "1"]
[SourceVersionDate "2022.07.31"]
[SourceQuality "1"]

1. d4 Nf6 2. c4 a6 3. Nc3 c5 4. d5 b5 5. cxb5 axb5 6. Nxb5 Qa5+ 7. Nc3 Bb7 8. Bd2 Qb6 9. e4 e6 10. Bc4 Nxe4 11. Nxe4 exd5 12. Bxd5 Bxd5 13. Qe2 Qe6 14. f3 Nc6 15. Bc3 Bc4 16. Qe3 d5 17. b3 Ba6 18. Nh3 d4 19. Qf4 dxc3 20. Kf2 Qe5 21. Qc1 Qd4+ 22. Kg3 Bd6+ 23. Nxd6+ Qxd6+ 24. Kf2 Qd2+ 25. Qxd2 cxd2 26. Rhd1 0-0-0 27. Nf4 Rhe8 28. a4 g5 29. Nh3 h6 30. Ra2 Re2+ 31. Kg3 f5 32. Ng1 Re1 33. Raa1 Rxd1 34. Rxd1 Na5 35. f4 Nxb3 36. fxg5 hxg5 37. Nf3 Rd3 38. Kf2 c4 39. Ne5 Rd5 40. Nf3 c3 0-1

[Event "Titled Tuesday intern op 03rd May Early"]
[Site "Chess.com INT"]
[Date "2022.05.03"]
[Round "5"]
[White "Khokhlova, Daria"]
[Black "Kanyamarala, Tarun"]
[Result "0-1"]
[WhiteElo "2142"]
[BlackElo "2388"]
[PlyCount "46"]
[EventDate "2022.05.03"]
[EventType "swiss (blitz)"]
[EventRounds "11"]
[EventCountry "USA"]
[SourceTitle "CBM 208 Extra"]
[Source "ChessBase"]
[SourceDate "2022.07.31"]
[SourceVersion "1"]
[SourceVersionDate "2022.07.31"]
[SourceQuality "1"]

1. d4 d5 2. c4 c6 3. Nf3 Nf6 4. e3 e6 5. b3 Nbd7 6. Bb2 Bb4+ 7. Nbd2 0-0 8. Bd3 Ne4 9. 0-0 f5 10. Qc2 Bd6 11. Ne5 Nxe5 12. dxe5 Bc7 13. Rad1 Bd7 14. f3 Nxd2 15. Qxd2 Qb8 16. Qc3 Be8 17. e4 dxe4 18. fxe4 Bh5 19. Rd2 fxe4 20. Rxf8+ Qxf8 21. Bxe4 Bb6+ 22. Rd4 Bxd4+ 23. Qxd4 Rd8 0-1

[Event "Cheliabinsk Lozovatsky Memorial-A"]
[Site "Cheliabinsk"]
[Date "2022.01.23"]
[Round "2"]
[White "Khokhlova, Daria"]
[Black "Vorobiov, Evgeny E"]
[Result "1/2-1/2"]
[WhiteElo "2134"]
[BlackElo "2537"]
[PlyCount "42"]
[EventDate "2022.01.22"]
[EventType "swiss"]
[EventRounds "10"]
[EventCountry "RUS"]
[SourceTitle "CBM 206 Extra"]
[Source "ChessBase"]
[SourceDate "2022.03.31"]
[SourceVersion "1"]
[SourceVersionDate "2022.03.31"]
[SourceQuality "1"]

1. d4 Nf6 2. c4 e6 3. Nc3 Bb4 4. e3 c5 5. Nge2 d6 6. a3 Ba5 7. Bd2 Nc6 8. Qc2 0-0 9. f3 b6 10. dxc5 bxc5 11. Ng3 d5 12. cxd5 exd5 13. Bb5 Qb6 14. Bxc6 Qxc6 15. 0-0 Rb8 16. Nce2 Bxd2 17. Qxd2 Rb3 18. Nc1 Rb6 19. b4 Ba6 20. Nd3 Bxd3 21. Qxd3 cxb4 1/2-1/2

[Event "Motiva Online Blitz (Women)"]
[Site "Chess.com INT"]
[Date "2021.12.18"]
[Round "8"]
[White "Khokhlova, Daria"]
[Black "Pham, Le Thao Nguyen"]
[Result "1/2-1/2"]
[WhiteElo "2134"]
[BlackElo "2369"]
[PlyCount "158"]
[EventDate "2021.12.18"]
[EventType "swiss (blitz)"]
[EventRounds "13"]
[EventCountry "USA"]
[SourceTitle "CBM 205 Extra"]
[Source "ChessBase"]
[SourceDate "2022.01.31"]
[SourceVersion "1"]
[SourceVersionDate "2022.01.31"]
[SourceQuality "1"]

1. d4 d5 2. c4 c6 3. Nf3 Nf6 4. e3 Bg4 5. Nc3 e6 6. Qb3 Qc7 7. Nh4 Nbd7 8. h3 Bh5 9. g4 Bg6 10. Nxg6 hxg6 11. Bg2 Nb6 12. cxd5 exd5 13. Qc2 Bd6 14. b3 Nbd7 15. Bb2 Nf8 16. 0-0-0 0-0-0 17. Kb1 Kb8 18. f3 Ne6 19. Ne2 Rhe8 20. e4 Bf4 21. e5 Nd7 22. Ba3 Ka8 23. Bd6 Qb6 24. Qd3 g5 25. Qf5 f6 26. h4 fxe5 27. dxe5 Qf2 28. Nxf4 Nxf4 29. Bf1 Qxf3 30. Bd3 Qe3 31. Bc2 Ne2 32. Rde1 Nxe5 33. Qxg5 Qxg5 34. hxg5 Nf3 35. Rxe2 Rxe2 36. Rh7 a6 37. Rxg7 Rxd6 38. g6 Ne5 39. Re7 Rg2 40. g7 Rxg4 41. Re8+ Ka7 42. g8Q Rxg8 43. Rxg8 d4 44. Rg5 Nf3 45. Rf5 Nd2+ 46. Kc1 d3 47. Kxd2 dxc2+ 48. Kxc2 Kb6 49. Kc3 a5 50. a4 Rg6 51. Rh5 Rg3+ 52. Kc2 Ka6 53. Rf5 Rg2+ 54. Kc3 Rg4 55. Kc2 Rb4 56. Kc3 b6 57. Rg5 b5 58. axb5+ Rxb5 59. Rg6 Kb6 60. Rf6 Rc5+ 61. Kb2 Kb5 62. Re6 Rf5 63. Rg6 Rf3 64. Rh6 Rf2+ 65. Kc3 Rf3+ 66. Kc2 c5 67. Rh8 Kb4 68. Rb8+ Ka3 69. Ra8 Rxb3 70. Rxa5+ Kb4 71. Rb5+ Kxb5 72. Kxb3 c4+ 73. Kc3 Kc5 74. Kc2 Kb4 75. Kb2 c3+ 76. Kc2 Kc4 77. Kc1 Kb3 78. Kb1 c2+ 79. Kc1 Kc3 1/2-1/2

[Event "Titled Tuesday intern op 23rd Nov"]
[Site "Chess.com INT"]
[Date "2021.11.23"]
[Round "2"]
[White "Khokhlova, Daria"]
[Black "Belenkaya, Dina"]
[Result "0-1"]
[WhiteElo "2134"]
[BlackElo "2277"]
[PlyCount "68"]
[EventDate "2021.11.23"]
[EventType "swiss (blitz)"]
[EventRounds "11"]
[EventCountry "USA"]
[SourceTitle "CBM 205 Extra"]
[Source "ChessBase"]
[SourceDate "2022.01.31"]
[SourceVersion "1"]
[SourceVersionDate "2022.01.31"]
[SourceQuality "1"]

1. d4 d5 2. c4 dxc4 3. e3 Nf6 4. Bxc4 a6 5. Nf3 b5 6. Bb3 e6 7. 0-0 Bb7 8. Nc3 c5 9. dxc5 Nbd7 10. Qe2 Bxc5 11. Rd1 0-0 12. a3 Qb6 13. h3 Rfd8 14. Bd2 Rac8 15. Rac1 h6 16. Na2 Qa7 17. Bb4 Bxb4 18. Nxb4 Nc5 19. Bc2 Nfe4 20. Nd4 Qb6 21. Nd3 Nxd3 22. Bxd3 Bd5 23. Qg4 Qb7 24. Rxc8 Rxc8 25. Ne2 Nf6 26. Qg3 a5 27. Nf4 Be4 28. Be2 Rc2 29. Rd8+ Kh7 30. Bd3 Bxd3 31. Rxd3 Rxb2 32. Kh2 Qe4 33. f3 Qe5 34. e4 Rc2 0-1